00625cam a2200169 a 450000100100000000500170001000800410002704000230006808200180009110000340010924501450014326000450028830000250033365000300035865000320038870000350042000000288820200929150258.0890328s1988 pr 000 p spa  aDO-SdBNPcDLCdDLC aPR861.4bJ64c1 aJoglar Chacho, Manuel,d1898-10aCreación última :bOda a un alfarero. La morada del hombre. Creación última /cManuel Joglar Chacho; prólogo, Manuel de la Puebla. aSan Juan, Puerto Rico :bMairena,c1988. axii, 93 p. ;c22 cm. 4aPoesía puertorriqueña 4aLiteratura puertorriqueña1 aPuebla, Manuel de la,epról.